[Event "TCh-Rep. Srpska"]
[Site "Jahorina BIH"]
[Date "2001.08.15"]
[Round "5"]
[White "Rosic,S"]
[Black "Dujkovic,S"]
[Result "1/2-1/2"]
[WhiteElo "2296"]
[BlackElo "2398"]

1.e4 c5 2.Nf3 Nc6 3.Bb5 g6 4.Bxc6 dxc6 5.d3 Bg7 6.O-O Nf6 7.h3 Nd7 8.a4 a5
9.Re1 Nf8 10.Nc3 Ne6 11.Ne2 O-O 12.c3 b6  1/2-1/2

[Event "WJun"]
[Site "Athens GRE"]
[Date "2001.08.16"]
[Round "1"]
[White "Deseatnicov,I"]
[Black "Miton,K"]
[Result "1/2-1/2"]
[WhiteElo "2309"]
[BlackElo "2516"]

1.e4 c5 2.Nf3 Nc6 3.Bb5 e6 4.Bxc6 bxc6 5.d3 Ne7 6.Bd2 Ng6 7.h4 h5 8.e5 Be7
9.Qe2 Rb8 10.Na3 Ba6 11.O-O-O d6 12.exd6 Qxd6 13.Nc4 Qd5 14.Bc3 f6 15.g3 e5
16.Nfd2 Rd8 17.Rhe1 Bc8 18.Ba5 Rd7 19.Nf1 Qf7 20.Qe4 O-O 21.Qxc6 Re8 22.Nfe3 Nf8
23.Nf5 Bb7 24.Qa4 Bf3 25.Rd2 Qe6 26.Nfe3 Qa6 27.Qa3 Ne6 28.Bc3 Qc8 29.Bxe5 fxe5
30.Nxe5 Nd4 31.Qa4 Rd6 32.c3 Bf6 33.cxd4 cxd4+ 34.Qc4+ Qe6 35.Qxe6+ Rdxe6
36.Nxf3 dxe3 37.Rxe3 Rxe3 38.fxe3 Rxe3 39.Rf2 Rxd3 40.Kc2 Re3 41.Kd2 Re4
42.b3 Rg4 43.Rg2 a5 44.Ke3 a4  1/2-1/2

[Event "Faakersee Open"]
[Site "Latschach AUT"]
[Date "2001.08.16"]
[Round "7"]
[White "Martinovic,S"]
[Black "Sebenik,M"]
[Result "1-0"]
[WhiteElo "2436"]
[BlackElo "2322"]

1.Nf3 c5 2.e4 Nc6 3.Bb5 e6 4.O-O Nge7 5.c3 d5 6.exd5 Qxd5 7.d4 cxd4 8.Qe2 Nf5
9.Rd1 Bd7 10.Nbd2 a6 11.Bc4 Qa5 12.Nb3 Qc7 13.cxd4 Be7 14.Bd3 Nd6 15.Bf4 O-O
16.Rac1 Rfc8 17.d5 exd5 18.Qxe7 Nxe7 19.Rxc7 Rxc7 20.Bxd6 Rc6 21.Bxe7 Re6
22.Bc5  1-0

[Event "Open"]
[Site "Presov SVK"]
[Date "2001.08.16"]
[Round "6"]
[White "Hasangatin,R"]
[Black "Radovanovic,D"]
[Result "1/2-1/2"]
[WhiteElo "2482"]
[BlackElo "2321"]

1.e4 c5 2.Nf3 Nc6 3.Bb5 g6 4.O-O Bg7 5.Re1 Nf6 6.Bxc6 dxc6 7.d3 O-O 8.Qe2 Ne8
9.a4 Nc7 10.h3 e5 11.Bg5 f6 12.Be3 Ne6 13.c3 b6 14.Na3 Ba6 15.Rad1 Qe7 16.Qc2 Rad8
17.d4 cxd4 18.cxd4 c5 19.d5 Nd4 20.Nxd4 cxd4 21.Bd2 f5  1/2-1/2

[Event "TSIM"]
[Site "Belgrade YUG"]
[Date "2001.08.17"]
[Round "2"]
[White "Savic,Ma"]
[Black "Simic,R"]
[Result "1/2-1/2"]
[WhiteElo "2180"]
[BlackElo "2430"]

1.e4 c5 2.Nf3 Nc6 3.Bb5 g6 4.Bxc6 dxc6 5.O-O Bg7 6.d3 Nf6 7.Nc3 O-O 8.a4 a5
9.Be3 b6 10.h3 Nd7  1/2-1/2

[Event "I American Continental"]
[Site "Cali COL"]
[Date "2001.08.17"]
[Round "8"]
[White "Morovic Fernandez,I"]
[Black "Oblitas,C"]
[Result "1/2-1/2"]
[WhiteElo "2565"]
[BlackElo "2411"]

1.e4 c5 2.Nf3 Nc6 3.Bb5 g6 4.Bxc6 dxc6 5.O-O Bg7 6.d3 Nf6 7.h3 O-O 8.Nc3 Nd7
9.Be3 b6 10.Qd2 Ne5 11.Nh2 f5 12.exf5 Bxf5 13.Bh6 Bxh6 14.Qxh6 c4 15.Qe3 Nf7
16.g4 Bc8 17.dxc4 e5 18.Ne4 Qd4 19.Qxd4 exd4 20.f4 c5 21.Rae1 Kg7 22.Nd2 Ba6
23.Re7 Rfe8 24.Rfe1 Kf8 25.Rxe8+ Rxe8 26.Rxe8+ Kxe8 27.Nhf1 h5 28.Kf2 hxg4
29.hxg4 Ke7 30.b3 Nd6 31.Nh2 Bb7 32.Nhf3 Ne4+ 33.Nxe4 Bxe4 34.Ne1 Kf6 35.Nd3 a5
36.Ke2 Bb7 37.Kd2 Bc8 38.Nf2 Bb7 39.Kd3 Bf3 40.Ne4+ Ke7 41.Nf2 Kf6 42.a4 Bb7
43.c3 dxc3 44.Kxc3 g5 45.f5 Ke5 46.Kd3 Bc6 47.Ke3 Bg2 48.Nd3+ Kf6 49.Nf2 Ke5
50.Nd3+ Kf6 51.Ne1 Bc6 52.Nf3 Bb7 53.Ng1 Ke5 54.Ne2 Be4 55.Nc1 Bc2 56.Kd2 Be4
57.Nd3+ Kf6 58.Ke3 Bg2 59.Nb2 Ke5 60.Nd1 Be4 61.Nc3 Bc2 62.Kd2 Bxb3 63.Kd3 Kf6
64.Ne4+ Ke5 65.Nxg5 Bxa4 66.Nf7+ Kf6 67.Nd6 Bd1 68.Ne4+ Ke5 69.f6 Ke6 70.g5 Bh5
71.Nc3 Kf5 72.Nd5 Kxg5 73.Nxb6 Kxf6 74.Nd7+  1/2-1/2

[Event "Rubinstein Open"]
[Site "Polanica Zdroj POL"]
[Date "2001.08.17"]
[Round "2"]
[White "Demidenko,S"]
[Black "Cajbel,M"]
[Result "1/2-1/2"]
[WhiteElo "2211"]
[BlackElo "2091"]

1.e4 c5 2.Nf3 Nc6 3.Bb5 e6 4.O-O Nge7 5.c3 a6 6.Ba4 d5 7.exd5 Nxd5 8.Ne5 Qc7
9.Nxc6 bxc6 10.Qg4 Bb7 11.d3 O-O-O 12.Bg5 Rd7 13.Na3 Bd6 14.g3 f5 15.Qe2 f4
16.Nc4 e5 17.gxf4 exf4 18.f3 Be7 19.Qg2 h6 20.Bxe7 Rxe7  1/2-1/2

[Event "Rubinstein Open"]
[Site "Polanica Zdroj POL"]
[Date "2001.08.17"]
[Round "2"]
[White "Teterev,V"]
[Black "Jakubiec,A"]
[Result "0-1"]
[WhiteElo "2279"]
[BlackElo "2497"]

1.e4 c5 2.Nf3 Nc6 3.Bb5 g6 4.O-O Bg7 5.Re1 e5 6.c3 Nge7 7.d3 O-O 8.Be3 d6
9.h3 f5 10.Bc4+ Kh8 11.Ng5 f4 12.Bc1 d5 13.exd5 Nxd5 14.Nf3 Nc7 15.Nbd2 Bf5
16.Ne4 b6 17.a3 Na5 18.Ba2 c4 19.Ned2 Bxd3 20.Nxe5 b5 21.a4 a6 22.Nxd3 Qxd3
23.Bb1 Qd7 24.axb5 axb5 25.Be4 Ra6 26.Qc2 Qe6 27.Nf3 Nb3 28.Rxa6 Qxa6 29.h4 Qf6
30.h5 Re8 31.hxg6 hxg6 32.g3 fxg3 33.Be3 gxf2+ 34.Kxf2 Re6 35.Kg2 Qe7 36.Bg5 Bf6
37.Bf4 Nc5 38.Bxg6 Rxe1 39.Nxe1  0-1

[Event "ch-FRA Gp B"]
[Site "Marsailles FRA"]
[Date "2001.08.18"]
[Round "6"]
[White "Fressinet,L"]
[Black "Nataf,IA"]
[Result "1/2-1/2"]
[WhiteElo "2606"]
[BlackElo "2527"]

1.e4 c5 2.Nf3 Nc6 3.Bb5 e6 4.Bxc6 bxc6 5.d3 Ne7 6.Bd2 f6 7.Nh4 g6 8.f4 Bg7
9.Nf3 d6 10.O-O O-O 11.e5 fxe5 12.fxe5 d5 13.Nc3 Nf5 14.Na4 Nd4 15.Nxd4 cxd4
16.Qe2 Rb8 17.b4 Rb7 18.Rxf8+ Qxf8 19.Nc5 Rf7 20.c3 dxc3 21.Bxc3 Qd8 22.Nb3 Qb6+
23.d4 Bf8 24.Nc5  1/2-1/2

[Event "Rubinstein Open"]
[Site "Polanica Zdroj POL"]
[Date "2001.08.18"]
[Round "3"]
[White "Barglowski,F"]
[Black "Czarnota,D"]
[Result "1-0"]
[WhiteElo "2206"]
[BlackElo "2069"]

1.e4 c5 2.Nf3 Nc6 3.Bb5 d6 4.O-O g6 5.Re1 e5 6.c3 Qb6 7.Na3 Bd7 8.d4 cxd4
9.cxd4 Nxd4 10.Bxd7+ Kxd7 11.Be3 Bg7 12.Nc4 Qb5 13.Nxd6 Qb6 14.Nxf7 Ke8 15.N7xe5 Nxf3+
16.Nxf3 Qb5 17.Nd4 Qd7 18.Qb3 Nf6 19.Rad1 Ng4 20.Ne6  1-0

[Event "I American Continental"]
[Site "Cali COL"]
[Date "2001.08.19"]
[Round "10"]
[White "Ricardi,P"]
[Black "Oblitas,C"]
[Result "1-0"]
[WhiteElo "2545"]
[BlackElo "2411"]

1.e4 c5 2.Nf3 Nc6 3.Bb5 Nf6 4.e5 Nd5 5.O-O g6 6.Nc3 Nc7 7.Re1 Nxb5 8.Nxb5 Bg7
9.d4 cxd4 10.Nd6+ exd6 11.Bg5 dxe5 12.Bxd8 Kxd8 13.c3 d5 14.Qb3 Kc7 15.cxd4 e4
16.Qxd5 Be6 17.Qxe4 Rad8 18.Qf4+ Kb6 19.Rac1 a6 20.h3 Rd7 21.Ne5 Nxe5 22.Rxe5 Rhd8
23.d5 Rxd5 24.Rxe6+  1-0

[Event "Ron Banwell Masters"]
[Site "London ENG"]
[Date "2001.08.19"]
[Round "2"]
[White "McDonald,N"]
[Black "Shiomi,R"]
[Result "1-0"]
[WhiteElo "2406"]
[BlackElo "2044"]

1.e4 c5 2.Nf3 Nc6 3.Bb5 g6 4.Bxc6 dxc6 5.h3 Bg7 6.O-O Nf6 7.e5 Nd5 8.Re1 h6
9.b3 O-O 10.Bb2 g5 11.d3 Nf4 12.Nbd2 Bf5 13.Ne4 Qc8 14.Nh2 b6 15.Qf3 Bg6
16.h4 Ne6 17.Qg3 f5 18.exf6 exf6 19.hxg5 hxg5 20.Ng4 Nd4 21.b4 f5 22.Ne5 Bxe5
23.Qxe5 fxe4 24.bxc5 bxc5 25.Qxc5 Ne6 26.Qc3 Rf4 27.dxe4 Qf8 28.Rad1 Rd8
29.f3 Rxd1 30.Rxd1 Qc5+ 31.Qxc5 Nxc5 32.Rd8+ Kf7 33.Be5 Rh4 34.Ra8 g4 35.Rxa7+ Ke6
36.Bg3 Rh7 37.Ra5 Nd7 38.Ra6 Ke7 39.Rxc6 Bf7 40.Bd6+ Kd8 41.a4 Rg7 42.Bg3 Bg6
43.Kf2 Bh7 44.a5 Rg6 45.Bh4+ Ke8 46.Rc8+ Kf7 47.Rd8 Rd6 48.a6  1-0

[Event "Rubinstein Open"]
[Site "Polanica Zdroj POL"]
[Date "2001.08.19"]
[Round "4"]
[White "Maciejewski,M"]
[Black "Malakhatko,V"]
[Result "0-1"]
[WhiteElo "2350"]
[BlackElo "2557"]

1.e4 c5 2.Nf3 Nc6 3.Bb5 d6 4.Bxc6+ bxc6 5.O-O Bg4 6.h3 Bh5 7.d3 e5 8.Nbd2 Be7
9.Re1 Nf6 10.Nf1 Nd7 11.Ng3 Bg6 12.c3 O-O 13.d4 cxd4 14.cxd4 Re8 15.dxe5 dxe5
16.Qc2 Qc7 17.Bg5 Bf8 18.Rac1 Rec8 19.Nh4 Nc5 20.Nhf5 Ne6 21.Be3 f6 22.h4 Bf7
23.h5 c5 24.Ne2 Bxh5 25.Nc3 Qb7 26.Nd5 Bf7 27.b3 Kh8 28.Qe2 Nd4 29.Bxd4 cxd4
30.Qf3 Rxc1 31.Rxc1 Rc8 32.Rxc8 Qxc8 33.Qd3 g6 34.Ng3 Bxd5 35.exd5 f5 36.Ne2 Qc5
37.g4 fxg4 38.Qe4 Bd6 39.Qxg4 d3 40.Ng3 d2  0-1

[Event "9th Open"]
[Site "Nikea GRE"]
[Date "2001.08.21"]
[Round "4"]
[White "Chilov,A"]
[Black "Katsiris,I"]
[Result "1-0"]
[WhiteElo "2307"]
[BlackElo "2086"]

1.e4 c5 2.Nf3 Nc6 3.Bb5 d6 4.O-O Bd7 5.Re1 a6 6.Bf1 Bg4 7.d3 Nf6 8.h3 Bxf3
9.Qxf3 g6 10.g3 Bg7 11.Bg2 O-O 12.c3 Rb8 13.Qe2 e5 14.a4 Qc7 15.Nd2 b5 16.axb5 axb5
17.Nf1 b4 18.f4 bxc3 19.bxc3 Rb3 20.Qc2 Rfb8 21.Nd2 R3b7 22.f5 Bh6 23.Nc4 Bxc1
24.Qxc1 Kg7 25.Rf1 Nh5 26.Kh2 Qd8 27.Bf3 Nf6 28.g4 h6 29.Ra6 Rc7 30.fxg6 fxg6
31.g5 hxg5 32.Qxg5 Ne8 33.Qg2 Qh4 34.Rg1 Qf4+ 35.Kh1 Qh6 36.Bg4 Rd8 37.Be6 Ne7
38.Rf1 Ng8 39.Qf3 Kh7 40.Ra2 Ngf6 41.Ne3 Rb8 42.Rg2 Rcb7 43.Rfg1 Rb1 44.Nf1 Qf4
45.Qxf4 exf4 46.Bf7 g5 47.Rxg5 Re1 48.Bg6+ Kh6 49.Bxe8 Nxe8 50.Rg6+ Kh7 51.R6g4  1-0

[Event "Rubinstein Open"]
[Site "Polanica Zdroj POL"]
[Date "2001.08.21"]
[Round "6"]
[White "Miroshnichenko,E"]
[Black "Smetankin,S"]
[Result "1-0"]
[WhiteElo "2539"]
[BlackElo "2433"]

1.e4 c5 2.Nf3 Nc6 3.Bb5 g6 4.Bxc6 bxc6 5.O-O Bg7 6.Re1 Nh6 7.c3 O-O 8.d4 cxd4
9.cxd4 f6 10.Nc3 Nf7 11.b3 d6 12.Bb2 Bb7 13.Qe2 Rc8 14.Na4 Qa5 15.Nd2 Ba6
16.Nc4 Qc7 17.Qc2 Bb5 18.b4 Qd7 19.Na3 Ng5 20.Nc3 Ba6 21.Qd1 Rb8 22.Nc2 f5
23.e5 f4 24.f3 Bc4 25.a3 Bb3 26.Qe2 Qf5 27.Rac1 Ne6 28.Ne4 dxe5 29.dxe5 Bxe5
30.Ng3 fxg3 31.Qxe5 Qxe5 32.Bxe5 gxh2+ 33.Kxh2 Rbd8 34.Ne3 Rd2 35.Kg3 Rc8
36.Rc3 Ba2 37.a4 c5 38.Rec1 Re2 39.b5 Nd8 40.a5 Nb7 41.b6 axb6 42.axb6 Rc6
43.Bc7 Kf7 44.Ra1 Rb2 45.Ng4 Re6 46.Ne5+ Kg7 47.Ra3 Bd5 48.Rd1 Bb3 49.Rc1 Bd5
50.Nd3 Re3 51.Bf4 Rxg2+ 52.Kxg2 Rxf3 53.Be5+ Kh6 54.Rh1+ Kg5 55.Rg1 c4 56.Nb4 Rxa3+
57.Nxd5 Ra5 58.Kf3+ Kf5 59.Ne3+ Kxe5 60.Nxc4+ Kd5 61.Nxa5 Nxa5 62.Ra1 Nb7
63.Rc1 Kd6 64.Kf4 Nd8 65.Rd1+  1-0

[Event "Rubinstein Open"]
[Site "Polanica Zdroj POL"]
[Date "2001.08.21"]
[Round "6"]
[White "Teterev,V"]
[Black "Shishkin,Va"]
[Result "0-1"]
[WhiteElo "2279"]
[BlackElo "2458"]

1.e4 c5 2.Nf3 Nc6 3.Bb5 g6 4.Bxc6 bxc6 5.O-O Bg7 6.d3 d6 7.c3 Nh6 8.h3 f6
9.d4 cxd4 10.cxd4 Nf7 11.Nc3 O-O 12.Re1 Qa5 13.Bd2 Rb8 14.Qc2 Bd7 15.b4 Rxb4
16.Nd5 cxd5 17.Qc3 dxe4 18.Qxb4 Qxb4 19.Bxb4 Rb8 20.a3 exf3 21.Rxe7 Rb7 22.gxf3 Kf8
23.Re3 Ng5 24.Kh2  0-1

[Event "Open"]
[Site "Lisbon POR"]
[Date "2001.08.22"]
[Round "2"]
[White "Oratovsky,M"]
[Black "Pinheiro,J"]
[Result "1-0"]
[WhiteElo "2493"]
[BlackElo "2324"]

1.e4 c5 2.Nf3 Nc6 3.Bb5 d6 4.Bxc6+ bxc6 5.O-O Bg4 6.d3 e6 7.Nbd2 Nf6 8.e5 dxe5
9.Qe1 Nd7 10.Nxe5 Nxe5 11.Qxe5 Qd5 12.Nc4 Bh5 13.Qc7 Qd7 14.Qa5 f6 15.Be3 Rb8
16.a4 Qe7 17.Ra3 g5 18.Rc3 Rd8 19.Qa6 Rd5 20.Rb3 Rd7 21.Qxc6 Kf7 22.Bxc5  1-0

[Event "Rubinstein Open"]
[Site "Polanica Zdroj POL"]
[Date "2001.08.22"]
[Round "7"]
[White "Maciejewski,M"]
[Black "Zezulkin,J"]
[Result "1/2-1/2"]
[WhiteElo "2350"]
[BlackElo "2529"]

1.e4 c5 2.Nf3 Nc6 3.Bb5 g6 4.O-O Bg7 5.c3 Nf6 6.e5 Nd5 7.d4 cxd4 8.cxd4 O-O
9.Bg5 h6 10.Bh4 Nc7 11.Ba4 g5 12.Bg3 d5 13.Nc3 Bg4 14.Bc2 Bh5 15.Re1 Ne6
16.Ne2 Rc8 17.Bf5 Qb6 18.Qb3 Qxb3 19.axb3 a6 20.h3 Rfe8 21.Bg4 Bg6 22.h4 Nb4
23.Rec1 Nc2 24.Ra5  1/2-1/2

[Event "Rubinstein Open"]
[Site "Polanica Zdroj POL"]
[Date "2001.08.22"]
[Round "7"]
[White "Kosiorek,M"]
[Black "Stoma,P"]
[Result "0-1"]
[WhiteElo "2339"]
[BlackElo "2193"]

1.e4 c5 2.Nf3 Nc6 3.Bb5 e6 4.O-O Nge7 5.b3 a6 6.Bxc6 Nxc6 7.Bb2 d6 8.d4 cxd4
9.Nxd4 Bd7 10.f4 Be7 11.f5 Qb6 12.Kh1 Bf6 13.c3 O-O 14.Nd2 Nxd4 15.Nc4 Qc6
16.cxd4 Qxe4 17.Nxd6 Qd5 18.Nc4 Bc6 19.Qg4 Rad8 20.Ne5 Bxe5 21.dxe5 exf5
22.Rxf5 Qd2 23.Ba3 Rd4 24.Qg3 Qe2 25.Qf2 Rd2 26.Rf1 Bxg2+ 27.Kxg2 Qe4+ 28.Kg1 Rxf2
29.R5xf2 Rc8 30.Rxf7  0-1

[Event "WJun Women"]
[Site "Athens GRE"]
[Date "2001.08.24"]
[Round "8"]
[White "Zimina,O"]
[Black "Jurkiewicz,Ka"]
[Result "1-0"]
[WhiteElo "2312"]
[BlackElo "2217"]

1.e4 c5 2.Nf3 Nc6 3.Bb5 e6 4.Bxc6 bxc6 5.d3 Ne7 6.O-O Ng6 7.Ng5 f6 8.Nh3 Be7
9.f4 O-O 10.Nd2 d5 11.Qh5 Qe8 12.b3 Bd6 13.Bb2 Nxf4 14.Nxf4 Bxf4 15.Qe2 e5
16.Ba3 Qg6 17.Bxc5 Qh6 18.Nf3 Rf7 19.g3 Bh3 20.gxf4 Bxf1 21.Rxf1 Qxf4 22.Kh1 Qg4
23.Qf2 Qh5 24.Rg1 g6 25.Rg3 Re8 26.Qg2 Qh6 27.Qg1 f5 28.Ng5  1-0

[Event "6th San Agustin Open"]
[Site "Aviles ESP"]
[Date "2001.08.24"]
[Round "8"]
[White "Erwich,Frank"]
[Black "Moreno,Ale2"]
[Result "1/2-1/2"]
[WhiteElo "2322"]
[BlackElo "2225"]

1.e4 c5 2.Nf3 Nc6 3.Bb5 e6 4.O-O Nge7 5.Re1 Ng6 6.Bxc6 bxc6 7.e5 Be7 8.b3 f6
9.Bb2 fxe5 10.Nxe5 O-O 11.Nxg6 hxg6 12.Nc3 Bf6 13.Na4 d6 14.d4 cxd4 15.Bxd4 e5
16.Bb2 Qc7 17.c4 Bf5 18.Qe2 Rfe8 19.Rad1 Rad8 20.Nc3 e4 21.Nb1 d5 22.cxd5 cxd5
23.Bd4 e3 24.fxe3 Bxb1 25.Bxf6 gxf6 26.Rxb1 Kg7 27.Qf3 Re5 28.Rbd1 Qc5 29.Qf2 Rde8
30.Rd3 f5 31.Qb2 f4 32.b4 Qb5 33.exf4 Qxd3 34.fxe5 d4 35.Qf2 Rf8 36.Qh4 Qd2
37.e6 Qxb4 38.e7 Re8 39.Qe4 Qd6 40.Qe5+ Qxe5 41.Rxe5  1/2-1/2

[Event "Open"]
[Site "Lisbon POR"]
[Date "2001.08.24"]
[Round "4"]
[White "Webb,L"]
[Black "Vidal del Rio,M"]
[Result "1-0"]
[WhiteElo "2250"]
[BlackElo "2107"]

1.e4 c5 2.Nf3 Nc6 3.Bb5 g6 4.O-O Bg7 5.Re1 Nf6 6.e5 Nd5 7.Nc3 Nc7 8.Bxc6 dxc6
9.Ne4 Ne6 10.d3 O-O 11.Be3 b6 12.Qd2 Qc7 13.Bh6 Rd8 14.Bxg7 Kxg7 15.b3 Nd4
16.Nxd4 cxd4 17.Qg5 h6 18.Qg3 Qd7 19.h3 Qd5 20.f4 c5 21.Qh4 Qe6 22.Ng3 Bb7
23.f5 Qc6 24.Re2 Rf8 25.Rf1 Rae8 26.fxg6 fxg6 27.Rxf8 Rxf8 28.Qxe7+ Rf7 29.Qh4 Qe6
30.Qd8 Re7 31.Rf2 Re8 32.Qc7+ Re7 33.Qd8 Re8 34.Qc7+ Re7 35.Qb8 Re8 36.Qxb7+  1-0

[Event "Open"]
[Site "Lisbon POR"]
[Date "2001.08.24"]
[Round "4"]
[White "Magem Badals,J"]
[Black "Rivas Vila,D"]
[Result "1-0"]
[WhiteElo "2513"]
[BlackElo "2170"]

1.e4 c5 2.Nf3 Nc6 3.Bb5 g6 4.O-O Bg7 5.Re1 Nf6 6.d4 cxd4 7.e5 Nd5 8.Bxc6 dxc6
9.Qxd4 O-O 10.Qh4 f6 11.Na3 Kh8 12.Bd2 Bf5 13.c4 Nb6 14.Rad1 g5 15.Qg3 Qb8
16.Bb4 Re8 17.Nd4 Bd7 18.e6 Qxg3 19.hxg3 Bc8 20.Nf5 Bf8 21.b3 a5 22.Bc5 Ra6
23.Nc2 Na8 24.Bxe7 Bxe7 25.Nxe7 Rxe7 26.Rd8+ Kg7 27.Rxc8 c5 28.f4 Nc7 29.Rxc7  1-0

[Event "Open"]
[Site "Lisbon POR"]
[Date "2001.08.24"]
[Round "4"]
[White "De Leon Justo,A"]
[Black "Pinheiro,J"]
[Result "0-1"]
[WhiteElo "2054"]
[BlackElo "2324"]

1.e4 c5 2.Nf3 Nc6 3.Bb5 d6 4.O-O Bd7 5.Re1 Nf6 6.c3 a6 7.Bf1 Bg4 8.d3 e6
9.h3 Bh5 10.Be2 Be7 11.Be3 O-O 12.Nbd2 d5 13.e5 Nd7 14.d4 cxd4 15.cxd4 Qb6
16.b3 Rfc8 17.g4 Bg6 18.Rf1 Nb4 19.Ne1 Nc2 20.Nxc2 Bxc2 21.Qe1 Ba3 22.f4 Bb2
23.Qh4 Bxd4 24.Bf2 Bxf2+ 25.Rxf2 Qd4 26.Rf1 Qxd2 27.Bb5 Qe3 28.Bxd7 Rc7 29.Kh2 Bd3
30.Rf3 Qe4  0-1

[Event "ch-FRA Playoff"]
[Site "Marsailles FRA"]
[Date "2001.08.24"]
[Round "3"]
[White "Degraeve,JM"]
[Black "Vaisser,A"]
[Result "0-1"]
[WhiteElo "2602"]
[BlackElo "2556"]

1.e4 c5 2.Nf3 Nc6 3.Bb5 e6 4.O-O Nge7 5.c3 a6 6.Ba4 d5 7.e5 d4 8.cxd4 b5
9.Bc2 Nxd4 10.Be4 Rb8 11.d3 Bb7 12.Nc3 Nec6 13.Bf4 Be7 14.Nxd4 Nxd4 15.Qg4 g6
16.Bh6 Nf5 17.Bxf5 exf5 18.Qh3 Bc8 19.Bg7 f4 20.Qf3 Rg8 21.Bf6 Bxf6 22.exf6 Qxf6
23.Ne4 Qe5 24.Rac1 Bb7 25.Rxc5 Qxc5 26.Qxf4 Qa7 27.Nf6+ Kf8 28.Nd7+ Kg7 29.Qf6+ Kh6
30.Ne5 Bd5 31.Ng4+ Kh5 32.Qe5+ f5 33.Nf6+ Kh6 34.Nxd5 Rge8 35.Qf6 Qc5 36.Ne3 Qe5
37.Qxa6 Kg7 38.g3 f4 39.gxf4 Qxf4 40.Qa7+ Kh8 41.Qd7 Rbd8 42.Qxb5 Re5 43.Qb7 Rh5
44.Rd1 Rf8 45.Rd2 Rg5+ 46.Kh1 Qxe3  0-1

[Event "ADCF Masters"]
[Site "Abu Dhabi UAE"]
[Date "2001.08.25"]
[Round "1"]
[White "Zagrebelny,S"]
[Black "Khalid AlShaali"]
[Result "1-0"]
[WhiteElo "2466"]
[BlackElo "2187"]

1.e4 c5 2.Nf3 Nc6 3.Bb5 g6 4.Bxc6 dxc6 5.d3 Bg7 6.h3 Nh6 7.Nc3 f6 8.Be3 b6
9.g4 Nf7 10.Qd2 e5 11.O-O-O Be6 12.g5 f5 13.exf5 gxf5 14.Qe2 Qe7 15.Rdg1 O-O-O
16.Bd2 c4 17.h4 cxd3 18.cxd3 Rhe8 19.g6 hxg6 20.Rxg6 Bh8 21.Re1 e4 22.dxe4 Qb4
23.exf5 Bxf5 24.Rxc6+ Kb7 25.Qc4 Rxe1+ 26.Bxe1 Qxc4 27.Rxc4 Rd3 28.Rf4 Bg6
29.Bd2 Bg7 30.Rg4 Bxc3 31.Rxg6 Rxf3 32.Bxc3 Rxf2 33.h5 Kc7 34.h6 Kd7 35.h7 Rh2
36.Rg7 Ke6 37.Rxf7 Kxf7 38.h8=Q  1-0

[Event "WJun"]
[Site "Athens GRE"]
[Date "2001.08.25"]
[Round "9"]
[White "Horvath,Ad"]
[Black "Venkatesh,M"]
[Result "1-0"]
[WhiteElo "2504"]
[BlackElo "2356"]

1.e4 c5 2.Nf3 Nc6 3.Bb5 g6 4.O-O Bg7 5.c3 e5 6.d4 cxd4 7.cxd4 exd4 8.Bf4 Nge7
9.Bd6 O-O 10.a4 b6 11.Nbd2 Bb7 12.Bc4 h6 13.b4 Kh7 14.Re1 f6 15.Qb3 Rh8 16.Nh4 g5
17.Nf5 Ng6 18.Bd5 Rc8 19.h4 Ba8 20.h5 Nge5 21.Bf7 Rf8 22.Bxf8 Qxf8 23.Bg6+ Nxg6
24.hxg6+ Kxg6 25.Rac1 Re8 26.Qd5 Rd8 27.b5 Ne5 28.Qxd4 Qf7 29.Nc4 d5 30.exd5 Bxd5
31.Nxg7 Nxc4 32.Rxc4 Kxg7 33.Qd3 Rf8 34.Rd4 Be6 35.Rd8 Rxd8 36.Qxd8 Kg6 37.Qd6 Bb3
38.Re4 Bc2 39.Re7 Qc4 40.Qd7 g4 41.Rg7+ Kh5 42.Qe8+ Kh4 43.g3+  1-0

[Event "Open"]
[Site "Feffernitz AUT"]
[Date "2001.08.25"]
[Round "8"]
[White "Martinovic,S"]
[Black "Teske,H"]
[Result "1/2-1/2"]
[WhiteElo "2436"]
[BlackElo "2486"]

1.Nf3 c5 2.e4 Nc6 3.Bb5 e6 4.Bxc6 bxc6 5.d3 Ne7 6.Ng5 f6 7.Nh3 d5 8.Nc3 g6
9.f4 f5 10.O-O fxe4 11.dxe4 Bg7 12.Nf2  1/2-1/2

[Event "Open"]
[Site "Lisbon POR"]
[Date "2001.08.25"]
[Round "5"]
[White "Strikovic,A"]
[Black "Collas,D"]
[Result "1-0"]
[WhiteElo "2515"]
[BlackElo "2378"]

1.e4 c5 2.Nf3 Nc6 3.Bb5 g6 4.c3 Nf6 5.e5 Nd5 6.O-O Bg7 7.d4 cxd4 8.Bxc6 dxc6
9.Qxd4 Nc7 10.Qh4 h6 11.Nbd2 Ne6 12.Re1 c5 13.Nc4 Bd7 14.Rd1 Qb8 15.Ne3 Bxe5
16.Nxe5 Qxe5 17.Ng4 Qg7 18.Bxh6 f5 19.Bxg7 Rxh4 20.Ne5 Bb5 21.Nf3 Rg4 22.h3 Re4
23.Bh6 Be2 24.Nd2 Bxd1 25.Nxe4 Rd8 26.Nd2 Bc2 27.Re1 Kf7 28.h4 Kf6 29.Nf3 Rd1
30.Bg5+ Nxg5 31.hxg5+ Kg7 32.Rxd1 Bxd1 33.Ne5 Ba4 34.Kh2 Be8 35.Kg3 b6 36.Kf4 Kf8
37.c4 Kg7 38.f3 Kf8 39.Nd3 Kf7 40.Ke5 Bc6 41.Nf4 Bb7 42.a4 Ba6 43.b3 Bb7
44.Ne6 Ke8 45.Nc7+ Kd7 46.Nb5 a6 47.Nc3 Bc6 48.Nd5 Bxd5 49.Kxd5 Kc7 50.a5 bxa5
51.Kxc5 Kd7 52.f4 Kc7 53.Kd5 Kb6 54.c5+ Kb5 55.g3  1-0

[Event "zt 2.5"]
[Site "Mar del Plata ARG"]
[Date "2001.08.25"]
[Round "10"]
[White "Kanefsck,G"]
[Black "Felgaer,R"]
[Result "1/2-1/2"]
[WhiteElo "2396"]
[BlackElo "2471"]

1.e4 c5 2.Nf3 Nc6 3.Bb5 d6 4.O-O Bd7 5.Re1 a6 6.Bxc6 Bxc6 7.d4 cxd4 8.Nxd4 Nf6
9.Bg5 Qa5 10.Bxf6 gxf6 11.Nc3 e6 12.Qf3 Qe5 13.Rad1 Be7  1/2-1/2

[Event "Open"]
[Site "Lisbon POR"]
[Date "2001.08.26"]
[Round "6"]
[White "Rivas Vila,D"]
[Black "Frois,A"]
[Result "1-0"]
[WhiteElo "2170"]
[BlackElo "2374"]

1.e4 c5 2.Nf3 Nc6 3.Bb5 g6 4.O-O Bg7 5.Re1 Nf6 6.d4 cxd4 7.e5 Nd5 8.Bxc6 dxc6
9.Qxd4 O-O 10.Qh4 f6 11.Na3 Qc7 12.Qg3 Bf5 13.Bd2 Qb6 14.Nc4 Qc5 15.b3 Rad8
16.Rac1 Rd7 17.e6 Rdd8 18.Nh4 Kh8 19.Qf3 Nc7 20.Be3 Qd5 21.Nxf5 gxf5 22.Bxa7 Nxe6
23.Qxd5 cxd5 24.Rxe6 dxc4 25.Rxe7 Bh6 26.Be3 f4 27.Bc5 Rd5 28.Bb6 c3 29.Rce1 Rd2
30.R7e2 f3 31.gxf3 Rg8+ 32.Kf1 Bf4 33.Be3 Bxe3 34.fxe3 Rd5 35.e4 Rdg5 36.Rf2 b5
37.a4 bxa4 38.bxa4 h5 39.Re3 Rc5 40.f4 Rb8 41.Rff3 Rb4 42.a5 Rxa5 43.e5 fxe5
44.fxe5 Rd4 45.e6 Rd2 46.Rf2  1-0

[Event "Open"]
[Site "Lisbon POR"]
[Date "2001.08.26"]
[Round "6"]
[White "Oratovsky,M"]
[Black "Estremera Panos,S"]
[Result "1-0"]
[WhiteElo "2493"]
[BlackElo "2401"]

1.e4 c5 2.Nf3 Nc6 3.Bb5 Nf6 4.Nc3 Qc7 5.O-O e6 6.Re1 d6 7.d4 cxd4 8.Nd5 exd5
9.exd5+ Be7 10.Nxd4 Nxd5 11.Nxc6 bxc6 12.Qxd5 Bb7 13.Bg5 f6 14.Bf4 Kf8 15.Qc4 Qd7
16.Ba4 d5 17.Qd4 Bd6 18.c4 Qc7 19.Bxd6+ Qxd6 20.cxd5 cxd5 21.Re3 Kf7 22.Rae1 Rhb8
23.Qg4 g6 24.Qh3 h5 25.Re6 Qb4 26.Qe3  1-0

[Event "Schwarzach Open A"]
[Site "Salzburg AUT"]
[Date "2001.08.26"]
[Round "2"]
[White "Balinov,I"]
[Black "Schmidlechner,A"]
[Result "1-0"]
[WhiteElo "2425"]
[BlackElo "2211"]

1.e4 c5 2.Nf3 Nc6 3.Bb5 g6 4.Bxc6 dxc6 5.d3 Bg7 6.O-O Nf6 7.e5 Nd5 8.h3 O-O
9.Nbd2 Nc7 10.a3 Be6 11.Re1 Qd7 12.Ng5 Bd5 13.Nf1 Ne6 14.c4 Nxg5 15.cxd5 h6
16.Bxg5 hxg5 17.dxc6 Qxc6 18.Qg4 Rad8 19.Rad1 Rd5 20.Qxg5 Qe6 21.f4 Rfd8
22.Ng3 Rxd3 23.Rxd3 Rxd3 24.f5 Qb3 25.Kh2 Bh6 26.Qxh6 Rxg3 27.f6  1-0

[Event "10th Open"]
[Site "Kavala GRE"]
[Date "2001.08.27"]
[Round "7"]
[White "Bojkov,D"]
[Black "Passoni,C"]
[Result "1-0"]
[WhiteElo "2411"]
[BlackElo "2258"]

1.e4 c5 2.Nf3 Nc6 3.Bb5 e6 4.O-O Nge7 5.Re1 a6 6.Bf1 d6 7.c3 d5 8.exd5 Nxd5
9.d4 cxd4 10.Nxd4 Nxd4 11.Qxd4 Nf6 12.Qxd8+ Kxd8 13.Nd2 Bd6 14.Nc4 Bc7 15.Be3 Nd5
16.Rad1 Bd7 17.Bd4 f6 18.g3 Ke7 19.Bc5+ Kd8 20.Bg2 Re8 21.Ne3 Nxe3 22.Rxe3 Kc8
23.Bxb7+ Kxb7 24.Rxd7 Kc6 25.Rxg7 Rad8 26.Be7  1-0

[Event "10th Open"]
[Site "Kavala GRE"]
[Date "2001.08.27"]
[Round "7"]
[White "Spasov,V"]
[Black "Krasenkow,M"]
[Result "1/2-1/2"]
[WhiteElo "2569"]
[BlackElo "2573"]

1.e4 c5 2.Nf3 Nc6 3.Bb5 e6 4.b3 Nge7 5.Bb2 Ng6 6.h4 h5 7.g3 d5 8.Qe2 a6 9.exd5 axb5
10.dxc6 bxc6 11.Nc3 Be7 12.Ne4 f6 13.d3 Kf7 14.Nfd2 e5 15.Qe3 Qd5 16.c4 Qd7
17.Kd1 Rd8 18.Kc2 Qa7 19.a4 Qd7 20.axb5 Rxa1 21.bxc6 Qxc6 22.Rxa1 Bf5 23.Ra7 Kg8
24.Ba3 Rc8 25.Nc3 Rd8 26.Nde4 Rd4 27.Nb5 Rd8 28.Rc7 Qa8 29.Ra7 Qc6 30.f3 Bf8
31.Nbc3 Rd4 32.Nb5 Rd8 33.Rc7 Qa8 34.Kb2 Ne7 35.Bxc5 Nc6 36.Bxf8 Rxf8 37.Qc5 Bxe4
38.fxe4 Qa5 39.Qd5+ Kh7  1/2-1/2